A MOL Nyrt.CSR tevékenységének ismertsége a fogyasztók körében

Bibliográfiai részletek
Szerző: Zsoldos Boglárka
További közreműködők: Hlédik Dr. Erika
Dokumentumtípus: Diplomadolgozat
Kulcsszavak:MOL Nyrt.
CSR
Magyarország
Kommunikáció
Fenntarthatóság
Online Access:http://dolgozattar.uni-bge.hu/3839

MARC

LEADER 00000nta a2200000 i 4500
001 dolg3839
005 20160928151021.0
008 151207suuuu hu om 000 hun d
040 |a BGE Dolgozattár Repozitórium  |b hun 
041 |a hu 
100 1 |a Zsoldos Boglárka 
245 1 2 |a A MOL Nyrt.CSR tevékenységének ismertsége a fogyasztók körében  |c Zsoldos Boglárka  |h [elektronikus dokumentum] 
695 |a MOL Nyrt. 
695 |a CSR 
695 |a Magyarország 
695 |a Kommunikáció 
695 |a Fenntarthatóság 
700 1 |a Hlédik Dr. Erika  |e ths 
856 4 0 |u http://dolgozattar.uni-bge.hu/3839/1/Zsoldos%20Bogl%C3%A1rka%20MJI4AV%20szakdolgozat.pdf  |z Dokumentum-elérés